| 000 | 00490nam a2200169 a 4500 | ||
|---|---|---|---|
| 005 | 20230310063540.0 | ||
| 008 | 991125s1994 mx 000 0 spa u | ||
| 035 | _aUPN01000001646 | ||
| 049 | _aF | ||
| 050 | 4 |
_aJL1292 _bC3.2 |
|
| 100 | 1 |
_aCarpizo McGregor, Jorge, _d1944-2012 |
|
| 245 | 1 | 0 |
_aAlgunas consideraciones sobre el proceso federal electoral de 1994 / _cJorge Carpizo. |
| 260 |
_aMéxico : _bSG, _c1994. |
||
| 300 | _a26 p. | ||
| 650 | 2 |
_aElecciones _zMéxico _95520 |
|
| 905 | _aLibro | ||
| 999 |
_c1646 _d1646 |
||